Tierwanderungen in der Urwelt (Record no. 6349)

MARC details
000 -CABECERA
campo de control de longitud fija 00536nam a2200205 a 4500
001 - NÚMERO DE CONTROL
campo de control BRCA_6665
005 - FECHA Y HORA DE LA ÚLTIMA TRANSACCIÓN
campo de control 20190320205540.0
008 - DATOS DE LONGITUD FIJA--INFORMACIÓN GENERAL
campo de control de longitud fija 121011s1914----gw-a######---#000-0#ger-#
041 ## - CÓDIGO DE LENGUA
Código de lengua del texto/banda sonora o título independiente ger
044 ## - CÓDIGO DEL PAÍS DE LA ENTIDAD EDITORA/PRODUCTORA
Código MARC del país gw
050 #4 - SIGNATURA TOPOGRÁFICA DE LA BIBLIOTECA DEL CONGRESO
Número de clasificación QL101
Número de documento/Ítem .B64 1914
100 1# - ENTRADA PRINCIPAL--NOMBRE DE PERSONA
Nombre de persona Bölsche, Wilhelm
Fechas asociadas al nombre 1861-1939
9 (RLIN) 16359
245 10 - MENCIÓN DE TÍTULO
Título Tierwanderungen in der Urwelt
Mención de responsabilidad, etc. von Wilhelm Bölsche.
260 ## - PUBLICACIÓN, DISTRIBUCIÓN, ETC.
Lugar de publicación, distribución, etc. Stuttgart, Alemania
Nombre del editor, distribuidor, etc. Kosmos
Fecha de publicación, distribución, etc. 1914
300 ## - DESCRIPCIÓN FÍSICA
Extensión 96 p.
Otras características físicas il.
Dimensiones 20 cm.
500 ## - NOTA GENERAL
Nota general L183
650 14 - PUNTO DE ACCESO ADICIONAL DE MATERIA--TÉRMINO DE MATERIA
Término de materia o nombre geográfico como elemento de entrada Zoogeografía
9 (RLIN) 16683
902 ## - CATALOGADOR
Iniciales GFM
942 ## - ELEMENTOS DE PUNTO DE ACCESO ADICIONAL (KOHA)
Fuente del sistema de clasificación o colocación Library of Congress Classification
Tipo de ítem Koha Libros
Holdings
Estado de retiro Estado de pérdida Estado dañado No para préstamo Localización permanente Ubicación/localización actual Fecha de adquisición Número de inventario Total de préstamos Signatura topográfica completa Código de barras Fecha visto por última vez Precio válido a partir de Tipo de ítem Koha
El ejemplar forma parte de la colección y puede ser consultado según las políticas vigentes.       Biblioteca del Museo Franz Mayer (Rogerio Casas-Alatriste) Biblioteca del Museo Franz Mayer (Rogerio Casas-Alatriste) 12/10/2011 L183   QL101 .B64 1914 (L183) 7113 22/03/2019 22/03/2019 Libros